• 首页
  • 本馆介绍
  • 公告通知
  • 最新文献
  • 馆藏检索
  • 电子资源
  • 读者导购
  • 参考咨询
  • 我的图书馆
  • 登录
  • 详细信息显示
  • 放入我的书架
  • 预约/预借图书
  • 作者相关作品
  • 分类相关作品
  • 丛书相关作品
  • 出版社相关作品

书目信息

  • 表格格式
  • 工作单格式
  • 卡片格式
题名:
法老的雪茄
    
 
作者: 埃尔热 编绘
分册:  
出版信息: 北京   中国少年儿童出版社  2009.12
页数: 62页
开本: 25cm
丛书名:
单 册:
中图分类: J238.2
科图分类:
主题词: 绘画--世界 , 绘画--各国
电子资源:
ISBN: 7-5007-9463-0
000 00589nam0 2200205 450
001 2655644441
005 20260317153236.97
010    @a7-5007-9463-0@dCNY12.00
100    @a20260317d2009 km y0chiy0120 ea
101 0  @achi
102    @aCN@b110000
200 1  @a法老的雪茄@AFa Lao De Xue Qie@f埃尔热编绘@FAi Er Re Bian Hui
210    @a北京@c中国少年儿童出版社@d2009.12
215    @a62页@d25cm
606 0  @a绘画@x世界
606 0  @a绘画@y各国
690    @aJ238.2@v4
701  0 @a埃尔热@AAi Er Re@4编绘
801  0 @aCN@b大连网信软件有限公司图书馆·11@c20260317
905    @aZUCC@dJ238.2@e156:2
    
    法老的雪茄/埃尔热编绘.-北京:中国少年儿童出版社,2009.12
    62页;25cm
    
    
    ISBN 7-5007-9463-0:CNY12.00
    
●
相关链接 在E读中查询图书 在五车中查询图书 在当当中查询图书 在豆瓣中查询图书


正题名:法老的雪茄     索取号:J238.2/156:2         预约/预借

序号 登录号 条形码 馆藏地/架位号 状态 备注
1 1442171   214421712   第一样本阅览室/ [索取号:J238.2/156:2] 在馆    
唐山师范学院图书馆 欢迎您!
大连网信软件有限公司© 版权所有